Zmeny vo financovaní regionálneho školstva

Zmeny vo financovaní regionálneho školstva, ktoré priniesli novely zákona č. 597/2003 Z. z. o financovaní základných škôl, stredných škôl a školských zariadení zákonom č. 182/2017 Z. z. a zákonom č. 209/2018 Z. z., ktorým sa mení a dopĺňa zákon č. 597/2003 Z. z. o financovaní základných škôl, stred...

ver descrição completa

Na minha lista:
Detalhes bibliográficos
Autor principal: Konečná Veverková, Ingrid
Formato: Capítulo de Livro
Idioma:eslovaco
Assuntos:
Tags: Adicionar Tag
Sem tags, seja o primeiro a adicionar uma tag!

MARC

LEADER 00000naa a2200000 4500
001 0248033
005 20181003080819.5
041 0 |a slo 
044 |a SK 
245 1 0 |a Zmeny vo financovaní regionálneho školstva  |c Ingrid Konečná Veverková 
520 |a Zmeny vo financovaní regionálneho školstva, ktoré priniesli novely zákona č. 597/2003 Z. z. o financovaní základných škôl, stredných škôl a školských zariadení zákonom č. 182/2017 Z. z. a zákonom č. 209/2018 Z. z., ktorým sa mení a dopĺňa zákon č. 597/2003 Z. z. o financovaní základných škôl, stredných škôl a školských zariadení v znení neskorších predpisov a ktorým sa menia a dopĺňajú niektoré zákony. Zmeny, ktoré nadobudli účinnosť 1. septembra 2017 a ich aplikácia v riadiacej praxi a zmeny, ktoré nadobudnú účinnosť 1. septembra 2018. 
610 2 0 |a financovanie školstva 
610 2 0 |a zákony 
610 2 0 |a Slovensko 
610 2 0 |a politika regionálna 
610 2 0 |a novelizácia 
100 1 |a Konečná Veverková, Ingrid